Using SPSS : an interactive hands-onapproach (Record no. 11959)

MARC details
000 -LEADER
fixed length control field 01030nam a2200337Ia 4500
003 - CONTROL NUMBER IDENTIFIER
control field OSt
005 - DATE AND TIME OF LATEST TRANSACTION
control field 20220912144545.0
008 - FIXED-LENGTH DATA ELEMENTS--GENERAL INFORMATION
fixed length control field 220909b |||||||| |||| 00| 0 eng d
020 ## - INTERNATIONAL STANDARD BOOK NUMBER
International Standard Book Number 9788132110163 (pbk)
020 ## - INTERNATIONAL STANDARD BOOK NUMBER
International Standard Book Number SL01559276
037 ## - SOURCE OF ACQUISITION
Terms of availability Textual
040 ## - CATALOGING SOURCE
Original cataloging agency CSL
Language of cataloging eng
Transcribing agency CSL
041 ## - LANGUAGE CODE
Language code of text/sound track or separate title eng
100 ## - MAIN ENTRY--PERSONAL NAME
Personal name Cunningham James B; Aldrich James O
245 #0 - TITLE STATEMENT
Title Using SPSS : an interactive hands-onapproach
260 ## - PUBLICATION, DISTRIBUTION, ETC.
Place of publication, distribution, etc. New Delhi
Name of publisher, distributor, etc. Sage
Date of publication, distribution, etc. 2012
300 ## - PHYSICAL DESCRIPTION
Extent xx,237p.
500 ## - GENERAL NOTE
General note Appendises A-D 211-231p.; Index 232-237p.
650 ## - SUBJECT ADDED ENTRY--TOPICAL TERM
Topical term or geographic name entry element SPSS
650 ## - SUBJECT ADDED ENTRY--TOPICAL TERM
Topical term or geographic name entry element SPSS- computer file
650 ## - SUBJECT ADDED ENTRY--TOPICAL TERM
Topical term or geographic name entry element Statistics
700 ## - ADDED ENTRY--PERSONAL NAME
Personal name Hemne P S
700 ## - ADDED ENTRY--PERSONAL NAME
Personal name Cunningham James B; Aldrich James O
942 ## - ADDED ENTRY ELEMENTS (KOHA)
Classification part B28:(9S), Q2 cc6
Koha item type Textual
Source of classification or shelving scheme Colon Classification (CC)
Holdings
Withdrawn status Lost status Damaged status Not for loan Home library Current library Date acquired Source of acquisition Total Checkouts Full call number Barcode Date last seen Price effective from Koha item type
        Central Science Library Central Science Library 2022-09-12 1873, 14/12/2012, Ashutosh Technical Books   B28:(9S) Q2 cc6 SL1559276 2022-09-12 2022-09-12 Textual
Copyright @ Delhi University Library System